Statistiques concernant Devine le footballeur à partir des transferts édition 2023

Cliquez ici pour prendre le quiz!

Statistiques générales

  • Ce quiz a été pris 2 175 fois
  • Le résultat moyen est 6 sur 8

Statistiques - réponses

Réponse% Correct
Navas
93%
Thauvin
87%
Felix
86%
Mudryk
80%
Fernandez
78%
Gakpo
78%
Jorginho
78%
Sabitzer
70%

Distribution des résultats

Percentile par nombre de réponses

% des personnes avec chaque résultat

Votre développement - résultats

Vous n’avez pas pris ce quiz